00433 2200181 4500001002100000005001500021008004100036020002200077035001900099041000700118082001000125090001600135100001300151245002800164250001000192260002800202650002100230INLIS00000000002472620241224131758241224||||||||| | ||| |||| || |  a978-623-206-024-1 0010-1224024726 aid0 a741.5 a741.5 FIF m0 aFifadila00aManis Legit Dodol Garut aCet.1 aSolobTiga Anandac2019 0acerita bergambar